Countries that have ever owned weapons of mass destruction - Statistics

General Stats
  • This quiz has been taken 16 times
  • The average score is 35 of 40
Answer Stats
Hint Answer % Correct
Biological (Potential) Chemical (Former) Nuclear (Current) China
100%
Chemical (Current) Egypt
100%
Biological (Former) Chemical (Former) Nuclear (Current) France
100%
Biological (Former) Chemical (Former) Nuclear (Sharing) Germany
100%
Biological (Former) Chemical (Former) Nuclear (Current) India
100%
Chemical (Former) Nuclear (Developing) Iran
100%
Biological (Former) Chemical (Former) Nuclear (Attempted) Iraq
100%
Biological (Former) Chemical (Former) Nuclear (Shared) Italy
100%
Biological (Former) Chemical (Former) Nuclear (Attempted) Japan
100%
Nuclear (Attempted) Mexico
100%
Biological (Current) Chemical (Current) Nuclear (Current) North Korea
100%
Nuclear (Current) Pakistan
100%
Biological (Current) Chemical (Current) Nuclear (Current) Russia
100%
Nuclear (Potential) Saudi Arabia
100%
Biological (Former) Chemical (Former) Nuclear (Former) South Africa
100%
Nuclear (Attempted) South Korea
100%
Chemical (Current) Nuclear (Possible) Syria
100%
Nuclear (Former) Ukraine
100%
Biological (Former) Chemical (Former) Nuclear (Current) United Kingdom
100%
Biological (Former) Chemical (Former) Nuclear (Current) United States
100%
Nuclear (Attempted) Argentina
92%
Nuclear (Attempted) Brazil
92%
Biological (Former) Chemical (Former) Nuclear (Former) Canada
92%
Nuclear (Attempted) Indonesia
92%
Biological (Potential) Chemical (Potential) Nuclear (Potential) Israel
92%
Nuclear (Former) Poland
92%
Nuclear (Attempted) Spain
92%
Nuclear (Attempted) Algeria
83%
Chemical (Former) Nuclear (Attempted) Sweden
83%
Chemical (Former) Albania
75%
Chemical (Former) Nuclear (Attempted) Libya
75%
Chemical (Former) Nuclear (Attempted) Switzerland
75%
Biological (Potential) Chemical (Former) Nuclear (Attempted) Taiwan
75%
Nuclear (Former) Kazakhstan
67%
Nuclear (Attempted) Romania
67%
Chemical (Former) Nuclear (Former) Bulgaria
58%
Chemical (Former) Nuclear (Sharing) Netherlands
58%
Nuclear (Attempted) Philippines
58%
Chemical (Potential) Nuclear (Potential) Myanmar
50%
Biological (Former) Chemical (Former) Rhodesia
33%
No matching quizzes found
Score Distribution
Percent of People with Each Score
Percentile by Number Answered
Your Score History
You have not taken this quiz